000 00347nam a22001337a 4500
008 170918b xxu||||| |||| 00| 0 eng d
020 _a9780195056525
041 _aeng
080 _a7
100 _a44
101 _aART
245 _aIDOLSON PERVISITY FANTASIES FEMINE EVILIN FIN DE SIENCE CULTURE
_cDUKSTRA.B
942 _2udc
_cBK
999 _c28091
_d28091